[Event "Titled Tuesday 15th Dec"]
[Site "chess.com INT"]
[Date "2020.12.15"]
[Round "5"]
[White "Nakamura,Hi"]
[Black "Drygalov,Andrey"]
[Result "1-0"]
[WhiteElo "2736"]
[BlackElo "2493"]

1.Nf3 d5 2.e3 Nf6 3.c4 e6 4.Nc3 c6 5.d4 Nbd7 6.Qc2 Bd6 7.g4 Bb4 8.Bd2 Qe7
9.O-O-O Bxc3 10.Bxc3 Ne4 11.Be1 Qf6 12.Bg2 O-O 13.h4 b6 14.Ng5 Nxg5 15.hxg5 Qg6
16.Qa4 b5 17.cxb5 cxb5 18.Qxb5 Qxg5 19.Qd3 g6 20.f3 Qe7 21.Bg3 Bb7 22.Kb1 Rac8
23.Rc1 Nb6 24.b3 f6 25.Qb5 Qa3 26.Qe2 Ba6 27.Qb2 Qb4 28.Rhd1 Rfd8 29.Be1 Qd6
30.Qd2 Kg7 31.Qa5 Rxc1+ 32.Rxc1 Bd3+ 33.Kb2 Rd7 34.Qd2 Bb5 35.Rc5 Ba6 36.Qf2 Rb7
37.Ka1 Nd7 38.Rc1 Bb5 39.Ba5 Qa6 40.Qd2 Nb8 41.Bb4 Nc6 42.Bc5 Bd3 43.Rc3 Bf1
44.Bh1 Na5 45.Qc2 Rc7 46.Bf8+ Kxf8 47.Rxc7 Kg8 48.Rc8+ Kg7 49.Qc7+ Kh6 50.Qf4+ Kg7
51.Qc7+ Kh6 52.Qh2+ Kg7 53.Rc7+ Kf8 54.Rc3 Kg7 55.Qc7+ Kh6 56.Qe7 Nxb3+ 57.Rxb3 Qe2
58.Qa3 Qe1+ 59.Rb1 Qe2 60.Qb2 Qd3 61.Qh2+ Kg7 62.Rb7+ Kf8 63.Qb8+  1-0

[Event "Titled Tuesday 15th Dec"]
[Site "chess.com INT"]
[Date "2020.12.15"]
[Round "6"]
[White "Jacobson,Brandon"]
[Black "Nakamura,Hi"]
[Result "0-1"]
[WhiteElo "2487"]
[BlackElo "2736"]

1.e4 c5 2.Nf3 d6 3.d4 cxd4 4.Nxd4 Nf6 5.Nc3 a6 6.Be2 g6 7.Be3 Bg7 8.Qd2 Nc6
9.O-O-O Bd7 10.f3 h5 11.Kb1 Rc8 12.h3 h4 13.f4 b5 14.a3 Qc7 15.Nb3 Be6 16.Nd5 Qb8
17.Nxf6+ Bxf6 18.Nd4 Bd7 19.Nf3 Qc7 20.Rhe1 Be6 21.c3 Bb3 22.Rc1 Na5 23.e5 dxe5
24.fxe5 Bg7 25.Bd4 Be6 26.Qf4 Bf5+ 27.Ka2 Qc6 28.Nd2 Qe6+ 29.Ka1 Bh6 30.Qxh4 Bxd2  0-1

[Event "Titled Tuesday 15th Dec"]
[Site "chess.com INT"]
[Date "2020.12.15"]
[Round "7"]
[White "Nakamura,Hi"]
[Black "Martinez Alcantara,Jose Eduardo"]
[Result "1-0"]
[WhiteElo "2736"]
[BlackElo "2620"]

1.e4 e5 2.Bc4 Nf6 3.d3 c6 4.Nf3 Be7 5.Bb3 O-O 6.Nbd2 d6 7.Nf1 Nbd7 8.a3 d5
9.N1d2 Nc5 10.Qe2 Nxb3 11.Nxb3 dxe4 12.dxe4 Qc7 13.O-O h6 14.h3 Be6 15.Bd2 a5
16.Bc3 Nd7 17.Nc1 b5 18.Nd3 Bd6 19.Nh4 Rfe8 20.Rad1 c5 21.Bd2 c4 22.Nc1 b4
23.axb4 axb4 24.Be3 Bf8 25.Qf3 Qc6 26.Rfe1 g6 27.Ne2 Be7 28.g3 Nf6 29.Bxh6 Bxh3
30.Qh1 Bg4 31.f3 Be6 32.Nc1 Ra1 33.Ng2 Rb1 34.b3 Rb2 35.Re2 cxb3 36.cxb3 Rxe2
37.Nxe2 Bxb3 38.Rc1 Qb5 39.Kf2 Bc4 40.Qe1 b3 41.Nc3 Qa6 42.Ne3 Bc5 43.Kg2 Bd3
44.Rd1 Bxe3 45.Qxe3 Bc2 46.Rd2 Qc4 47.Qb6 Nh5 48.Nd5 Bxe4 49.Nf6+ Kh8 50.Nxe4 Kh7
51.Be3 Re6 52.Ng5+  1-0

[Event "Titled Tuesday 15th Dec"]
[Site "chess.com INT"]
[Date "2020.12.15"]
[Round "8"]
[White "Deac,Bogdan-Daniel"]
[Black "Nakamura,Hi"]
[Result "1/2-1/2"]
[WhiteElo "2625"]
[BlackElo "2736"]

1.e4 e5 2.Nf3 Nc6 3.Bb5 a6 4.Ba4 g6 5.d4 b5 6.Bb3 exd4 7.Nxd4 Na5 8.Nc3 Bb7
9.Qf3 Qf6 10.Bg5 Qxf3 11.Nxf3 Bg7 12.O-O-O Ne7 13.Rhe1 Nxb3+ 14.axb3 f6 15.Bf4 d6
16.Nd5 Nxd5 17.exd5+ Kd7 18.Nd4 Bxd5 19.Nf5 Bf7 20.Nxg7 h5 21.Bd2 Raf8 22.Bc3 Bg8
23.Re3 Rh7 24.Ne8 Rxe8 25.Rxe8 Kxe8 26.Bxf6 Rf7 27.Re1+ Kd7 28.Bh4 g5 29.Bxg5 Rxf2
30.Re7+ Kc6 31.Rg7 Bf7 32.Bh4 Rf5 33.Kd2 b4 34.Ke3 Be6 35.Rg5 a5 36.Rxf5 Bxf5
37.Kd2 Kd7 38.Bf2 c5 39.h3 Kc6 40.Bh4 d5 41.Bd8 Kb5 42.Be7 Be6 43.Bf8 Bf5
44.Be7 c4 45.bxc4+ dxc4 46.c3 Ka4 47.cxb4 axb4 48.g4 Bxg4 49.hxg4 hxg4 50.Bd6 Kb3
51.Kc1 c3 52.bxc3 Kxc3 53.Bg3 Kd3 54.Kb2 Kc4 55.Kc2 b3+ 56.Kb2 Kb4 57.Be1+ Kc4
58.Bh4 Kd3 59.Kxb3 g3 60.Bxg3  1/2-1/2

[Event "Titled Tuesday 15th Dec"]
[Site "chess.com INT"]
[Date "2020.12.15"]
[Round "9"]
[White "Nakamura,Hi"]
[Black "Andreikin,D"]
[Result "1-0"]
[WhiteElo "2736"]
[BlackElo "2725"]

1.Nf3 Nf6 2.b3 g6 3.Bb2 Bg7 4.d4 O-O 5.e3 b6 6.Be2 Bb7 7.O-O c5 8.c4 cxd4
9.Nxd4 Nc6 10.Bf3 Qc8 11.Nc3 Rd8 12.Nc2 Ne5 13.Bxb7 Qxb7 14.f4 Nc6 15.Rb1 Na5
16.Nb4 e6 17.Qe2 d5 18.cxd5 exd5 19.Rfd1 Rac8 20.Qf3 d4 21.Qxb7 Nxb7 22.exd4 a5
23.Nd3 Rxd4 24.Na4 Rd6 25.Ba3 Re6 26.Rbc1 Rce8 27.Ne5 Nh5 28.g3 g5 29.Rc7 gxf4
30.Nxf7 fxg3 31.hxg3 Nc5 32.Nxc5 bxc5 33.Bxc5 Nxg3 34.Rdd7 Nf5 35.Nd6 Rg6+
36.Kf2 Nxd6 37.Rxd6 Rxd6 38.Bxd6 Bd4+ 39.Kf3 Re3+ 40.Kf4 Re2 41.a4 Rb2 42.Rb7 h5
43.Kg5 Rg2+ 44.Kxh5 Rd2 45.Kg6 Rg2+ 46.Kf5 Bc3 47.Ke6 Re2+ 48.Kd5 Rd2+ 49.Kc4 Rc2
50.Kb5 Rb2 51.Kc4 Be1 52.Be5 Rb1 53.Rg7+ Kf8 54.Rg1 Rc1+ 55.Kb5 Rb1 56.Ka6 Kf7
57.Bg3 Rxb3 58.Bxe1 Rb1 59.Bf2  1-0

[Event "Titled Tuesday 15th Dec"]
[Site "chess.com INT"]
[Date "2020.12.15"]
[Round "10"]
[White "Le Tuan Minh"]
[Black "Nakamura,Hi"]
[Result "0-1"]
[WhiteElo "2514"]
[BlackElo "2736"]

1.d4 c5 2.c3 d5 3.Nf3 Nc6 4.Bf4 Qb6 5.Qd2 Nf6 6.e3 Bg4 7.Be2 e6 8.O-O Be7
9.h3 Bh5 10.Ne5 Bxe2 11.Qxe2 O-O 12.Rd1 Rac8 13.Bg5 Rc7 14.Bxf6 Bxf6 15.Nd3 Be7
16.Nxc5 Bxc5 17.dxc5 Qxc5 18.Nd2 Qb6 19.Nb3 Ne5 20.Nd4 Nc4 21.Rab1 Nd6 22.Nf3 Rfc8
23.Qd3 Qc6 24.Ng5 g6 25.Nf3 Qa4 26.a3 b5 27.Qd4 Qxd4 28.Rxd4 a5 29.Kf1 Rb8
30.Ke2 Kg7 31.g4 h6 32.h4 Rcb7 33.Nd2 f5 34.Rg1 Kf6 35.g5+ hxg5 36.hxg5+ Kg7
37.Rh4 Nf7 38.Nf3 e5 39.Rgh1 Re7 40.Rh7+ Kg8 41.R7h4 Reb7 42.Rd1 Rd8 43.Rdh1 Rbd7
44.Rd1 Kg7 45.Rdh1 Kf8 46.Rh7 Re8 47.Kf1 Rd6 48.Kg2 Rde6 49.Rd1 Rd8 50.Rh4 Ke7
51.Rh7 Kf8 52.Rh4 Rb6 53.Rh7 Kg8 54.Rdh1 Rbb8 55.R7h4 Rdc8 56.Rh7 Rf8 57.R7h4 Rfe8
58.Rh7 b4 59.cxb4 axb4 60.a4 b3 61.a5 Ra8 62.R7h4 Rxa5 63.Rb4 Raa8 64.Rb6 Kg7
65.Rd1 Rad8 66.Rxb3 e4 67.Nd4 Nxg5 68.Rb7+ Kf6 69.Rc1 Rd6 70.Rcc7 Ne6 71.Rf7+ Kg5
72.f4+ Kg4 73.Ne2 d4 74.Rh7 dxe3 75.Rh3 Nxf4+ 76.Nxf4 Kxf4 77.Rh4+ Kg5 78.Kg3 e2  0-1

[Event "Chess.com Bullet Open 1"]
[Site "chess.com INT"]
[Date "2020.12.19"]
[Round "1"]
[White "Nakamura,Hi"]
[Black "Mis,Mieszko"]
[Result "1-0"]
[WhiteElo "2736"]
[BlackElo "2358"]

1.Nf3 Nf6 2.b3 d5 3.Bb2 e6 4.e3 Be7 5.d4 O-O 6.Bd3 b6 7.O-O Bb7 8.c4 Nbd7
9.cxd5 exd5 10.Ne5 c6 11.Nd2 Bd6 12.Rc1 Rc8 13.f4 Re8 14.Bf5 Rc7 15.Ndf3 c5
16.Ng5 Nf8 17.dxc5 bxc5 18.Qc2 g6 19.Bh3 d4 20.exd4 cxd4 21.Qf2 h6 22.Rxc7 Bxc7
23.Ngxf7 Qd5 24.Nxh6+ Kg7 25.Nhg4 Nxg4 26.Nxg4 Ne6 27.Qh4 Nxf4 28.Qh6+ Kf7
29.Rxf4+ Bxf4 30.Qxf4+ Kg7 31.Bxd4+ Kh7 32.Nf6+ Kh8 33.Qh6+  1-0

[Event "Chess.com Bullet Open 1"]
[Site "chess.com INT"]
[Date "2020.12.19"]
[Round "2"]
[White "Mekhitarian,K"]
[Black "Nakamura,Hi"]
[Result "0-1"]
[WhiteElo "2554"]
[BlackElo "2736"]

1.Nf3 g6 2.g3 Bg7 3.Bg2 d6 4.O-O Nc6 5.d4 Bd7 6.d5 Ne5 7.Nxe5 Bxe5 8.Nd2 Qc8
9.Nf3 Bh3 10.Nxe5 dxe5 11.e4 h5 12.f4 h4 13.f5 hxg3 14.hxg3 Nf6 15.Qf3 gxf5
16.Bg5 fxe4 17.Qc3 Bxg2 18.Qxe5 Rh1+ 19.Kf2 Rxf1+ 20.Kxg2 Rf5  0-1

[Event "Chess.com Bullet Open 1"]
[Site "chess.com INT"]
[Date "2020.12.19"]
[Round "3"]
[White "Nakamura,Hi"]
[Black "Nagy,Ga1"]
[Result "1/2-1/2"]
[WhiteElo "2736"]
[BlackElo "2495"]

1.Nf3 Nf6 2.b3 g6 3.Bb2 Bg7 4.d4 O-O 5.e3 d6 6.Be2 Nbd7 7.O-O e5 8.dxe5 Ng4
9.c4 Ngxe5 10.Nxe5 Nxe5 11.Nc3 h5 12.Qd2 h4 13.h3 Bd7 14.Nd5 Bc6 15.Rac1 Bxd5
16.cxd5 Re8 17.Bb5 Re7 18.f4 Nd7 19.Bxg7 Kxg7 20.e4 Rxe4 21.Bxd7 Qxd7 22.Qc3+ Kg8
23.Qxc7 Qxc7 24.Rxc7 Rd4 25.f5 g5 26.Rxb7 Rxd5 27.f6 a5 28.Re1 Rf5 29.Rd1 Rxf6
30.Rb5 Rg6 31.Rdd5 a4 32.Rxg5 axb3 33.axb3 Ra1+ 34.Kf2 Rb1 35.Kf3 Rxg5 36.Rxg5+ Kf8
37.Rb5 Ke7 38.Rb4 f5 39.Rxh4 Rxb3+ 40.Kf2 Rb2+ 41.Kg3 Rb3+ 42.Kh2 Kf6 43.Rh8 d5
44.Rd8 Ke5 45.h4 Rb4 46.Kh3 d4 47.h5 Rb3+ 48.Kh4 Rb1 49.h6 Ke4 50.Kg5 Rg1
51.h7 Rxg2+ 52.Kf6 Rh2 53.h8=Q Rxh8 54.Rxh8 d3 55.Kg5 d2 56.Rd8 Ke3 57.Kxf5 Ke2
58.Ke4 d1=Q 59.Rxd1 Kxd1  1/2-1/2

[Event "Chess.com Bullet Open 1"]
[Site "chess.com INT"]
[Date "2020.12.19"]
[Round "4"]
[White "Nakamura,Hi"]
[Black "Ider,B"]
[Result "1-0"]
[WhiteElo "2736"]
[BlackElo "2489"]

1.Nf3 e6 2.b3 d5 3.Bb2 Nf6 4.e3 a5 5.d4 a4 6.Bd3 c6 7.O-O a3 8.Bc1 Nbd7 9.c3 Bd6
10.b4 e5 11.Bc2 e4 12.Nfd2 h5 13.f4 exf3 14.Nxf3 Qe7 15.Nxa3 Ng4 16.Qe1 Ndf6
17.Nb1 Qc7 18.h3 Bh2+ 19.Kh1 Bg3 20.Qe2 Be6 21.Nbd2 Ke7 22.e4 dxe4 23.Nxe4 Nxe4
24.Bxe4 Kd7 25.c4 Nf6 26.d5 cxd5 27.cxd5 Nxd5 28.Rd1 Kc8 29.Bxd5  1-0

[Event "Chess.com Bullet Open 1"]
[Site "chess.com INT"]
[Date "2020.12.19"]
[Round "5"]
[White "Oparin,G"]
[Black "Nakamura,Hi"]
[Result "0-1"]
[WhiteElo "2652"]
[BlackElo "2736"]

1.Nf3 g6 2.g3 Bg7 3.d4 d6 4.Bg2 Nc6 5.c4 Bd7 6.Nc3 Qc8 7.h3 e5 8.dxe5 dxe5
9.Be3 Nge7 10.Qb3 Nf5 11.Bc5 b6 12.Ba3 Na5 13.Qc2 Nxc4 14.Rd1 Nxa3 15.bxa3 O-O
16.Nd5 c6 17.Nb4 a5 18.g4 axb4 19.gxf5 Rxa3 20.fxg6 hxg6 21.h4 Bf5 22.Qd2 e4
23.Nd4 Rd8 24.e3 Bxd4 25.exd4 Rd3 26.Qxb4 c5 27.Qxb6 Rxd1+ 28.Kxd1 Rxd4+
29.Kc1 Qd7 30.h5 Rc4+  0-1

[Event "Chess.com Bullet Open 1"]
[Site "chess.com INT"]
[Date "2020.12.19"]
[Round "6"]
[White "Nakamura,Hi"]
[Black "Le Tuan Minh"]
[Result "1/2-1/2"]
[WhiteElo "2736"]
[BlackElo "2514"]

1.e4 d5 2.Nc3 dxe4 3.Nxe4 Nf6 4.Ng3 e5 5.Bc4 Bd6 6.d3 O-O 7.Nf3 h6 8.h3 Nc6
9.O-O Re8 10.Re1 Bc5 11.c3 Bb6 12.Be3 Be6 13.Bxb6 axb6 14.Bb5 Bd7 15.Bxc6 Bxc6
16.Nxe5 Qd5 17.Nxc6 Rxe1+ 18.Qxe1 bxc6 19.Qb1 Re8 20.d4 g6 21.Qd3 Kg7 22.a3 c5
23.Rd1 Rd8 24.Qe2 Qb3 25.h4 cxd4 26.Rxd4 Rxd4 27.cxd4 h5 28.Qe5 Qxb2 29.f3 c5
30.Nxh5+ gxh5 31.Qg5+ Kf8 32.Qxf6 cxd4 33.Qh8+ Ke7 34.Qe5+ Kf8 35.Kh2 Qc3
36.Qh8+ Ke7 37.Qe5+ Kf8 38.a4 Qc5 39.Qxc5+ bxc5 40.a5 d3 41.a6 d2 42.a7 d1=Q
43.a8=Q+ Kg7 44.Qe4 Qd6+ 45.f4 Qf6 46.Kg3 Qg6+ 47.Kf3 Qxe4+ 48.Kxe4 Kf6 49.Kd5 Kf5
50.Kxc5 Kxf4 51.Kd6 Kg3 52.Ke7 Kxh4 53.Kxf7 Kg5 54.Kg7 h4 55.Kh7 Kh5 56.Kg7 Kg5
57.Kh7 Kg4 58.Kg6 Kg3 59.Kh5 h3 60.gxh3 Kxh3  1/2-1/2

[Event "Chess.com Bullet Open 1"]
[Site "chess.com INT"]
[Date "2020.12.19"]
[Round "7"]
[White "Iturrizaga,E"]
[Black "Nakamura,Hi"]
[Result "0-1"]
[WhiteElo "2607"]
[BlackElo "2736"]

1.d4 g6 2.Nf3 Bg7 3.g3 d6 4.Bg2 Nc6 5.O-O Bd7 6.c4 Qc8 7.e4 h5 8.d5 Ne5 9.Nxe5 Bxe5
10.h4 c6 11.Nd2 Bg7 12.Nf3 Nf6 13.Qd3 Bg4 14.Bf4 Nd7 15.Rfe1 Bxb2 16.Rab1 Bg7
17.e5 Bf5 18.Qa3 O-O 19.exd6 exd6 20.Bxd6 Bxb1 21.Rxb1 Re8 22.dxc6 bxc6 23.c5 Nf6
24.Ne5 Nd5 25.Nc4 Qf5 26.Rb7 Re2 27.Qf3 Qxf3 28.Bxf3 Rxa2 29.Bxd5 cxd5 30.c6 Rc8
31.c7 Rxc7 32.Rxc7 dxc4 33.Rxc4 a5 34.Rc8+ Kh7 35.Ra8 Bd4 36.Kf1 Rxf2+ 37.Ke1 Ra2
38.Bf4 Bc3+ 39.Kd1 Bg7 40.Kc1 a4 41.Kb1 Rb2+ 42.Kc1 Rb4 43.Kc2 Rc4+ 44.Kd3 Rc3+
45.Ke4 a3 46.Ra7 Rc4+ 47.Kd5 Rd4+ 48.Kc5 Rd1 49.Rxa3 Bf8+ 50.Kc6 Bxa3  0-1

[Event "Chess.com Bullet Open 1"]
[Site "chess.com INT"]
[Date "2020.12.19"]
[Round "8"]
[White "Nakamura,Hi"]
[Black "Fedoseev,Vl3"]
[Result "1/2-1/2"]
[WhiteElo "2736"]
[BlackElo "2674"]

1.Nf3 d5 2.b3 c6 3.Bb2 Nf6 4.g3 g6 5.d4 Bg7 6.Bg2 O-O 7.O-O b6 8.c4 Bb7 9.Nc3 dxc4
10.bxc4 Nbd7 11.Qc2 Rc8 12.Rfd1 b5 13.e4 bxc4 14.Rac1 Qa5 15.Nd2 Nb6 16.Qb1 e6
17.e5 Nfd5 18.Nde4 Ba6 19.Nc5 Rb8 20.Qa1 Rfc8 21.N3e4 Na4 22.Nxa4 Qxa4 23.Nc5 Qb5
24.Bf1 Qxb2 25.Nxa6 Qxa1 26.Rxa1 Rb6 27.Bxc4 Bf8 28.a4 Rd8 29.a5 Rb2 30.Rdb1 Rxb1+
31.Rxb1 Nc3 32.Rb7 Rxd4 33.Bf1 Ra4 34.Nb8 Rxa5 35.Nd7 Be7 36.Rb8+ Kg7 37.Re8 Nd5
38.Bc4 Ra1+ 39.Kg2 Bb4 40.Rb8 Bc3 41.Bxd5 cxd5 42.f4 g5 43.fxg5 Re1 44.Nf6 Kg6
45.Rg8+ Kf5 46.Nxh7 Bxe5 47.h4 d4 48.h5 d3 49.Rd8 Re3 50.Kf2 Rxg3 51.g6 fxg6
52.hxg6 Rxg6 53.Rxd3 Rg7 54.Nf8 Rf7 55.Ke2 Rxf8 56.Ra3 Rf7 57.Ra5 Kf6 58.Ra6 Rg7
59.Ke3 Rg5 60.Ke4 Rg4+ 61.Kf3 Rd4 62.Rxa7 Rd5 63.Ke4 Rd4+ 64.Ke3 Rf4 65.Ra8 Rf5
66.Rf8+ Ke7 67.Ra8 Bd6 68.Ke4 Kf6 69.Rd8 Re5+ 70.Kd4 Rd5+ 71.Ke4 Be7 72.Rh8 Re5+
73.Kf4 Rf5+ 74.Ke4 Kf7 75.Rh7+ Ke8 76.Rh6 Kd7 77.Rh7 Rd5 78.Rh8 Rd6 79.Rh6 Rc6
80.Ke5 Rc4 81.Rxe6 Rc5+ 82.Kd4 Kxe6 83.Ke4 Rd5 84.Ke3 Bd6 85.Ke4 Be5 86.Kf3 Kd6
87.Ke2 Rd4 88.Kf3 Kd5 89.Kf2 Rc4 90.Kg2 Rc3 91.Kf2 Bd4+ 92.Kf1 Ke4 93.Ke1 Kf4
94.Ke2 Rb3 95.Kd1  1/2-1/2

[Event "Chess.com Bullet Open 1"]
[Site "chess.com INT"]
[Date "2020.12.19"]
[Round "9"]
[White "Xiong,Jeffery"]
[Black "Nakamura,Hi"]
[Result "0-1"]
[WhiteElo "2709"]
[BlackElo "2736"]

1.e4 g6 2.d4 Bg7 3.Nf3 a6 4.Nc3 b5 5.Bd3 Bb7 6.a4 b4 7.Ne2 d6 8.Ng3 Nd7 9.c3 c5
10.O-O Ngf6 11.Be3 bxc3 12.bxc3 O-O 13.a5 Qc7 14.Qd2 e5 15.d5 c4 16.Bc2 Ng4
17.Rfb1 Nxe3 18.Qxe3 Rfb8 19.Nd2 Bc8 20.Ne2 Nc5 21.Nxc4 Bd7 22.Nb6 Ra7 23.c4 Rab7
24.Nc3 f5 25.exf5 Bxf5 26.Bxf5 gxf5 27.Qg5 Qf7 28.Rd1 Kh8 29.Ra3 Rg8 30.Ne2 e4
31.Rh3 Be5 32.Qh5 Qg7 33.g3 f4 34.Qf5 Rf7 35.Qh5 f3 36.Nc1 Bf4 37.Na2 e3
38.fxe3 Bxe3+ 39.Kh1 Qb2  0-1

[Event "Chess.com Bullet Open 1"]
[Site "chess.com INT"]
[Date "2020.12.19"]
[Round "10"]
[White "Naroditsky,D"]
[Black "Nakamura,Hi"]
[Result "0-1"]
[WhiteElo "2621"]
[BlackElo "2736"]

1.e4 e5 2.Nf3 Nc6 3.Bb5 a6 4.Ba4 g6 5.O-O Bg7 6.c3 b5 7.Bb3 Nge7 8.d4 exd4
9.cxd4 O-O 10.Nc3 Na5 11.Bc2 d6 12.h3 c5 13.Be3 Nc4 14.Qc1 Nxe3 15.fxe3 Nc6
16.Qd2 Bb7 17.Nd5 Ne7 18.Nc3 b4 19.Ne2 Nc6 20.Ng3 Qe7 21.Rae1 Rad8 22.Bb3 Na5
23.Bd5 Bxd5 24.exd5 Nc4 25.Qd3 Nb6 26.Qxa6 Qc7 27.Qd3 c4 28.Qd2 Nxd5 29.e4 c3
30.bxc3 Nxc3 31.Kh1 Qc4 32.Rf2 Ra8 33.Ra1 b3 34.a3 Rfc8 35.Qb2 Na4 36.Qe2 b2
37.Rb1 Qa2 38.Rff1 Rab8 39.Qd3 Nc3 40.Nd2 Nxb1 41.Nxb1 Rc1 42.Kh2 Qb3 43.Qe2 Bxd4
44.Rf3 Rxb1 45.Rxb3 Rxb3 46.Qc4 Rh1+ 47.Nxh1 Be5+ 48.g3 b1=Q 49.Nf2 Rb2 50.Kg2 Qc2
51.Qf1 Bd4  0-1

[Event "Chess.com Bullet Open 1"]
[Site "chess.com INT"]
[Date "2020.12.19"]
[Round "11"]
[White "Nakamura,Hi"]
[Black "Sadhwani,Raunak"]
[Result "1-0"]
[WhiteElo "2736"]
[BlackElo "2545"]

1.Nf3 g6 2.b3 d6 3.d4 Bg7 4.Bb2 Nf6 5.e3 O-O 6.Be2 Bg4 7.O-O Bxf3 8.Bxf3 c6
9.c4 Nbd7 10.Qc2 Qc7 11.Nc3 e5 12.d5 Rfe8 13.Rfd1 Nc5 14.dxc6 bxc6 15.b4 Ne6
16.b5 e4 17.Bxe4 Nxe4 18.Nxe4 d5 19.Bxg7 dxe4 20.Bb2 Rf8 21.Qxe4 cxb5 22.cxb5 Rab8
23.Be5 Qb7 24.Qh4 Qxb5 25.Qf6  1-0

[Event "Chess.com Bullet Open 1"]
[Site "chess.com INT"]
[Date "2020.12.19"]
[Round "12"]
[White "Nakamura,Hi"]
[Black "Firouzja,Alireza"]
[Result "1-0"]
[WhiteElo "2736"]
[BlackElo "2749"]

1.d4 Nf6 2.Nf3 e6 3.e3 d5 4.c4 Be7 5.Nc3 O-O 6.Bd3 a6 7.O-O dxc4 8.Bxc4 b5
9.Bd3 c5 10.dxc5 Bxc5 11.e4 h6 12.e5 Nd5 13.Nxd5 Qxd5 14.Qc2 Bb7 15.Rd1 Qc6
16.Bf4 Nd7 17.Rac1 Rac8 18.b4 Bxb4 19.Qe2 Bc5 20.Nh4 Rfd8 21.Qg4 Kf8 22.Bf1 Qb6
23.Bg3 Be7 24.Nf3 Rxc1 25.Rxc1 Rc8 26.Rd1 Nc5 27.Qd4 Na4 28.Qf4 Bxf3 29.Qxf3 Nc3
30.Rd2 Qc6 31.Qg4 Ne4 32.Re2 Nxg3 33.hxg3 Qc5 34.Qe4 Qc1 35.Qh7 Ke8 36.Qxg7 Bf8
37.Qf6 Bb4 38.Qf3 Qxf1+ 39.Kh2 Qc1 40.Re4 Rc4 41.Rf4 Rxf4 42.gxf4 Bd2 43.g3 Ke7
44.Qb7+ Kf8 45.Qd7 Kg7 46.Qd8 Qc3 47.Qf6+ Kg8 48.Qd8+ Kg7 49.Qf6+ Kg8 50.f5 Bg5
51.fxe6 Kh7 52.Qxf7+ Kh8 53.e7 Bxe7 54.Qe8+ Bf8 55.Qxf8+ Kh7 56.Qf7+ Kh8
57.Qf6+ Kh7 58.g4 Qf3 59.Qxf3  1-0

[Event "Chess.com Bullet Open 1"]
[Site "chess.com INT"]
[Date "2020.12.19"]
[Round "13"]
[White "Tang,Andrew"]
[Black "Nakamura,Hi"]
[Result "0-1"]
[WhiteElo "2538"]
[BlackElo "2736"]

1.d4 g6 2.c4 Bg7 3.e4 c5 4.d5 d6 5.Ne2 e6 6.Nbc3 exd5 7.cxd5 Ne7 8.h4 f5
9.h5 O-O 10.Bg5 Qe8 11.hxg6 Nxg6 12.exf5 Bxf5 13.Qd2 Na6 14.O-O-O Ne5 15.Ng3 Bg6
16.f4 Nf7 17.Bh4 Nb4 18.a3 Qa4 19.Be2 Bxc3 20.bxc3 Qxa3+ 21.Qb2 Na2+  0-1

[Event "Chess.com Bullet Open 1"]
[Site "chess.com INT"]
[Date "2020.12.19"]
[Round "14"]
[White "Nakamura,Hi"]
[Black "Artemiev,V"]
[Result "1-0"]
[WhiteElo "2736"]
[BlackElo "2711"]

1.Nf3 Nf6 2.c4 c6 3.Nc3 d5 4.e3 g6 5.b3 Bg7 6.Bb2 O-O 7.d4 c5 8.Be2 Nc6 9.O-O cxd4
10.exd4 b6 11.Ne5 Bb7 12.Bf3 Nxe5 13.dxe5 Nd7 14.Re1 Nxe5 15.Bxd5 Qc8 16.Bxb7 Qxb7
17.Nd5 Nc6 18.Bxg7 Kxg7 19.Qf3 Rae8 20.Nb4 Na5 21.Qc3+ Kg8 22.Rad1 e6 23.h4 Rd8
24.Nd3 Nc6 25.h5 Qe7 26.h6 f6 27.Nf4 Ne5 28.Qe3 g5 29.Nd3 Nxd3 30.Rxd3 Rxd3
31.Qxd3 f5 32.Qd4 Rf6 33.Rd1 Rxh6 34.Qe5 g4 35.Qb8+ Kf7 36.Qc8 Qh4 37.Rd7+ Kf6
38.Qf8+ Ke5 39.Qd6+ Kf6 40.Qe7+ Ke5 41.Qd6+ Kf6 42.Qd4+ Kg5 43.Rg7+ Rg6 44.Qd8+ Kf4
45.g3+ Kf3 46.Qd3+  1-0

[Event "Chess.com Bullet Open 1"]
[Site "chess.com INT"]
[Date "2020.12.19"]
[Round "15"]
[White "Narayanan,SL"]
[Black "Nakamura,Hi"]
[Result "0-1"]
[WhiteElo "2618"]
[BlackElo "2736"]

1.d4 Nf6 2.Nf3 e6 3.Bg5 d5 4.Nbd2 Be7 5.Bxf6 Bxf6 6.e4 O-O 7.Bd3 c5 8.e5 Be7
9.h4 f6 10.Bxh7+ Kxh7 11.Ng5+ Kg8 12.Qh5 fxg5 13.hxg5 Bxg5 14.Qh7+ Kf7 15.Qh5+ g6
16.Qh7+ Ke8 17.Qxg6+ Kd7 18.Nf3 Be7 19.Rh6 Kc7 20.dxc5 Nc6 21.O-O-O Bxc5
22.Kb1 Bd7 23.a3 Qe8 24.Qd3 Rg8 25.c4 dxc4 26.Qxc4 Bb6 27.Qd3 Rd8 28.Rh7 Qg6
29.Qxg6 Rxg6 30.Rf7 Rxg2 31.Nd2 Rxf2 32.Ne4  0-1

[Event "Chess.com Bullet Open 1"]
[Site "chess.com INT"]
[Date "2020.12.19"]
[Round "17"]
[White "Bortnyk,Mykola"]
[Black "Nakamura,Hi"]
[Result "0-1"]
[WhiteElo "2473"]
[BlackElo "2736"]

1.e4 e5 2.Nf3 Nc6 3.Bb5 a6 4.Ba4 g6 5.O-O Bg7 6.c3 b5 7.Bb3 Nge7 8.d4 exd4
9.cxd4 O-O 10.Nc3 Na5 11.Bg5 h6 12.Bh4 Nxb3 13.axb3 Bb7 14.Re1 g5 15.Bg3 d6
16.h4 g4 17.Nh2 h5 18.f3 f5 19.Bf2 Qd7 20.exf5 g3 21.Bxg3 Nxf5 22.Bf2 Qf7
23.Ne4 Qg6 24.Ng5 Rae8 25.Qd2 Bd5 26.b4 Bf6 27.Kh1 Qg7 28.Nf1 Bxd4 29.Ng3 Nxg3+
30.Bxg3 Bc4 31.f4 Bxb2 32.Rxe8 Rxe8 33.Re1 Rxe1+ 34.Qxe1 Kf8 35.Qe4 Qd4 36.Qf5+ Ke7
37.Qh7+ Ke8 38.Qxh5+ Kd7 39.Qh7+ Kc6 40.Qf5 Bd5 41.Kh2 Qd2 42.Qh3 Bd4 43.h5 Qd1
44.Nf3 Bxf3 45.Bf2 Bxf2 46.Qxf3+ Qxf3 47.gxf3 Bd4 48.Kg3 a5 49.Kg4 axb4  0-1

[Event "Chess.com Bullet Open 1"]
[Site "chess.com INT"]
[Date "2020.12.19"]
[Round "18"]
[White "Nakamura,Hi"]
[Black "Nihal,Sarin"]
[Result "1-0"]
[WhiteElo "2736"]
[BlackElo "2620"]

1.Nf3 d5 2.d4 Nf6 3.c4 e6 4.Nc3 c5 5.e3 cxd4 6.Nxd4 Nc6 7.cxd5 exd5 8.Be2 Bd6
9.O-O O-O 10.Bf3 Be5 11.Nce2 h6 12.g3 Re8 13.b3 Bh3 14.Re1 Ne4 15.Bb2 Qf6
16.Nf4 Bxf4 17.exf4 Rad8 18.Re2 Qg6 19.Nxc6 bxc6 20.Qd4 Bg4 21.Bxg4 Qxg4
22.Rae1 f6 23.Qd3 Qd7 24.Ba3 f5 25.f3 Nf6 26.Re7 Qc8 27.Bb2 Rxe7 28.Rxe7 Re8
29.Bxf6 gxf6 30.Rxe8+ Qxe8 31.Qxf5 Qe1+ 32.Kg2 Qe2+ 33.Kh3 Qxf3 34.Qg6+ Kf8
35.Qxf6+ Kg8 36.Qg6+ Kf8 37.Qxh6+ Kf7 38.Qh7+ Kf6 39.Kh4 d4 40.Qh8+ Kf5 41.Qe5+ Kg6
42.Qe6+ Kg7 43.Qd7+ Kg6 44.Qd6+ Kg7 45.Qxd4+ Kg6 46.Qd6+ Kg7 47.Qe5+ Kg6
48.Qg5+ Kf7 49.Qh5+  1-0

[Event "Chess.com Bullet Open 1"]
[Site "chess.com INT"]
[Date "2020.12.19"]
[Round "19"]
[White "Sevian,Samuel"]
[Black "Nakamura,Hi"]
[Result "0-1"]
[WhiteElo "2660"]
[BlackElo "2736"]

1.e4 e5 2.Nf3 Nc6 3.Bc4 Bc5 4.d3 Nf6 5.c3 d6 6.O-O a5 7.a4 O-O 8.h3 h6 9.Re1 Be6
10.Nbd2 Bb6 11.b3 Ne7 12.Bb2 Ng6 13.d4 Re8 14.Bf1 Ba7 15.Qc2 c6 16.Rad1 Qc7
17.Nc4 exd4 18.cxd4 d5 19.Nce5 dxe4 20.Nd2 Nxe5 21.dxe5 e3 22.fxe3 Nd5 23.Nc4 b5
24.Nd6 Nxe3 25.Rxe3 Bxe3+ 26.Kh1 bxa4 27.Nxe8 Rxe8 28.bxa4 Rb8 29.Bc3 Bb3
30.Qd3 Bxd1 31.Qxd1 Bc5 32.Bc4 Qe7 33.Qf3 Rb1+ 34.Kh2 Bg1+ 35.Kg3 Qg5+ 36.Qg4 Qe3+
37.Qf3 Qxf3+ 38.Kxf3 Rc1  0-1

[Event "Chess.com Bullet Open 1"]
[Site "chess.com INT"]
[Date "2020.12.19"]
[Round "20"]
[White "Nakamura,Hi"]
[Black "Sjugirov,S"]
[Result "1-0"]
[WhiteElo "2736"]
[BlackElo "2663"]

1.Nf3 d5 2.c4 e6 3.e3 Nf6 4.d4 Be7 5.Nc3 O-O 6.Bd3 a6 7.O-O dxc4 8.Bxc4 b5
9.Bd3 Bb7 10.Qe2 Nbd7 11.e4 c5 12.e5 Nd5 13.Ne4 h6 14.dxc5 Nxc5 15.Nxc5 Bxc5
16.Qe4 f5 17.exf6 Nxf6 18.Qxb7 Qxd3 19.Qc6 Qd5 20.Qxd5 exd5 21.Re1 Rfe8 22.Be3 Bxe3
23.fxe3 Rac8 24.Re2 Rc4 25.Rd1 Rec8 26.Kf1 Rc2 27.Nd4 Rxe2 28.Kxe2 Kf7 29.Rf1 Ke7
30.Nf5+ Kd7 31.Kd3 Ne4 32.Nxg7 Rg8 33.Rf7+ Kc6 34.g3 Nd6 35.Re7 Nc4 36.b3 Nd6
37.Ne6 Ne4 38.Nd4+ Kd6 39.Re6+ Kd7 40.Rxh6 Rf8 41.Ne6 Rf2 42.Kd4 Ng5 43.Nxg5  1-0

[Event "Chess.com Bullet Open 1"]
[Site "chess.com INT"]
[Date "2020.12.19"]
[Round "21"]
[White "Holt,C"]
[Black "Nakamura,Hi"]
[Result "0-1"]
[WhiteElo "2549"]
[BlackElo "2736"]

1.d4 Nf6 2.c4 e6 3.Nc3 d5 4.cxd5 Nxd5 5.e4 Nf6 6.Nf3 a6 7.Bd3 c5 8.e5 cxd4
9.Nxd4 Nd5 10.O-O Nxc3 11.bxc3 Bd7 12.Qg4 Nc6 13.Nxc6 Bxc6 14.Be4 h5 15.Bxc6+ bxc6
16.Qa4 Qc7 17.Be3 Be7 18.Rab1 O-O 19.f4 Rab8 20.Qxa6 Qd7 21.Qc4 Rb5 22.a4 Rd5
23.a5 Rxa5 24.Rfd1 Rd5 25.Rxd5 cxd5 26.Qe2 Rc8 27.Bd4 g6 28.h3 Bc5 29.Bxc5 Rxc5
30.Qe3 Qc7 31.Rb8+ Kg7 32.Rb3 Rc4 33.Kh2 Re4 34.Qg3 Qe7 35.Rb2 Rc4 36.Rf2 Qd8
37.Rf3 h4 38.Qg4 Qe7 39.Kg1 Ra4 40.Kh2 Re4 41.Kh1 Re1+ 42.Kh2 Ra1 43.Re3 Qa7
44.Qf3 Rc1 45.g3 Qa1 46.gxh4 Rc2+ 47.Kg3 Qg1+  0-1

[Event "Chess.com Bullet Open KO"]
[Site "chess.com INT"]
[Date "2020.12.20"]
[Round "2.2"]
[White "Nakamura,Hi"]
[Black "Artemiev,V"]
[Result "1-0"]
[WhiteElo "2736"]
[BlackElo "2711"]

1.Nf3 g6 2.d4 Bg7 3.e4 d6 4.Bc4 e6 5.h4 h6 6.c3 Ne7 7.Nbd2 b6 8.Nf1 Bb7 9.Qe2 Nd7
10.Ng3 Nf6 11.Bd2 d5 12.Bb5+ c6 13.Bd3 dxe4 14.Nxe4 Qc7 15.O-O-O O-O-O 16.Ne5 Nf5
17.Nxf6 Bxf6 18.h5 g5 19.g4 Nd6 20.f4 c5 21.dxc5 bxc5 22.Rhe1 Rhe8 23.fxg5 Bxg5
24.Bxg5 hxg5 25.Qf2 Kb8 26.Qf6 c4 27.Bc2 Bd5 28.h6 Qa5 29.Kb1 Nb5 30.h7 Ka8
31.Nxf7 Rb8 32.Ka1 Qb6 33.Rb1 Nd6 34.Nxd6 Qxd6 35.Be4 Rh8 36.Bxd5+ Qxd5 37.Qg7 Qd3
38.Rh1 a5 39.Rbe1 Qc2 40.Rb1 a4 41.Qd7 a3 42.Qc6+ Rb7 43.Qa6+ Ra7 44.Qxc4 axb2+
45.Rxb2 Rhxh7 46.Qc8+  1-0